| 000 | 00682nam a22001937a 4500 | ||
|---|---|---|---|
| 999 |
_c192844 _d192844 |
||
| 005 | 20221010114952.0 | ||
| 010 | _aRP B-745776 | ||
| 020 | _c400.00 | ||
| 035 | _aB-745776 | ||
| 037 | _bChampion Publication | ||
| 082 | _a510 | ||
| 100 | _aPratap, Gagan | ||
| 245 |
_aSSC CGL Mains Mathematics/ _bGagan Pratap |
||
| 260 |
_aDelhi _bChampion Publication _c2022 |
||
| 270 |
_a2nd Floor, Jaina Ext. Dr. Mukherjee Nagar _bDelhi _e110009 |
||
| 300 |
_a476p. _c28cm(pbk) |
||
| 942 |
_2ddc _cEN _mPRA _h510 |
||